Statistics for Guess the Taylor Swift song with no hint 13

Click here to take the quiz!

General Stats

  • This quiz has been taken 919 times
  • The average score is 198 of 256

Answer Stats

Answer% Correct
I
100%
a
98%
You
98%
you
98%
The
95%
the
95%
me
94%
to
93%
To
93%
when
93%
When
93%
And
92%
is
90%
love
90%
my
90%
on
90%
in
89%
do
88%
no
88%
I'm
86%
know
86%
that
86%
of
85%
they
85%
want
85%
for
83%
All
82%
like
82%
it's
81%
one
81%
but
80%
But
80%
can
80%
said
80%
why
80%
are
79%
don't
79%
I'll
78%
not
78%
at
77%
just
77%
every
74%
I've
74%
never
74%
been
73%
get
71%
around
69%
as
69%
mirrorball
69%
still
69%
You'll
68%
everything
67%
off
67%
try
67%
down
66%
show
66%
Because
65%
looking
65%
end
64%
out
64%
tonight
64%
Tonight
64%
about
63%
heels
63%
highest
63%
near
63%
Shining
63%
tallest
63%
trying
63%
version
63%
yourself
63%
dear
62%
tiptoes
62%
find
61%
home
60%
Spinning
60%
floor
59%
keep
59%
natural
59%
believer
58%
change
58%
fit
58%
Hush
58%
beautiful
57%
break
57%
clowns
57%
laughing
57%
pieces
57%
rodeo
57%
tightrope
57%
circus
56%
million
56%
disco
55%
horses
55%
regulars
55%
watch
55%
called
54%
sent
54%
Shimmering
53%
trapeze
52%
glisten
47%
Burned
45%
Drunk
45%
edges
44%
masquerade
44%
revelers
43%
shattered
43%

Score Distribution

Percentile by Number Answered

Percent of People with Each Score

Your Score History

You have not taken this quiz